Lucrecia (Record no. 164055)

MARC details
000 -LEADER
campo de control de longitud fija 00901nam a2200205 i 4500
001 - NÚMERO DE CONTROL
campo de control 164055
003 - IDENTIFICADOR DE NÚMERO DE CONTROL
campo de control ES-MaACL
005 - FECHA Y HORA DE LA ÚLTIMA TRANSACCIÓN
campo de control 20250915063100.0
008 - DATOS DE LONGITUD FIJA--INFORMACIÓN GENERAL
campo de control de longitud fija 020528s1907 sp |||| | spa d
040 ## - FUENTE DE CATALOGACIÓN
Centro catalogador/agencia de origen CAM
Lengua de catalogación spa
Centro/agencia transcriptor CAM
100 1# - ENTRADA PRINCIPAL--NOMBRE DE PERSONA
Nombre de persona Rovira y Serra, Manuel,
Fechas asociadas al nombre 1865-1929
9 (RLIN) 132129
245 10 - MENCIÓN DEL TÍTULO
Título Lucrecia
Resto del título : zarzuela en un acto, dividido en tres cuadros /
Mención de responsabilidad, etc. original y escrito en prosa por Manuel Rovira y Serra; música del maestro Martí Termes.
260 ## - PUBLICACIÓN, DISTRIBUCIÓN, ETC.
Lugar de publicación, distribución, etc. Madrid :
Nombre del editor, distribuidor, etc. [s.n.],
Fecha de publicación, distribución, etc. 1907 (
Fabricante R. Velasco imp.)
300 ## - DESCRIPCIÓN FÍSICA
Extensión 37 p. ;
Dimensiones 20 cm.
500 ## - NOTA GENERAL
Nota general Estrenada en el Teatro de la Zarzuela la noche del 25 de noviembre de 1907.
596 ## - NOTA AL PIE DE IMPRENTA
NOTA AL PIE DE IMPRENTA En verso de la antep. consta: "... Sociedad de Autores Españoles ..."
700 1# - ENTRADA AGREGADA--NOMBRE PERSONAL
Nombre de persona Termes, Martí.
9 (RLIN) 133184
852 ## - LOCALIZACIÓN
Ubicación ES-MaACL
Número de control de estantería G-3519(5)
Nota libre -- Enc. tela, falto de la cub. original
-- -- Enc. en un vol. facticio
Holdings
Estatus retirado Estado de pérdida Estado de daño No para préstamo Biblioteca de origen Biblioteca actual Ubicación en estantería Fecha de adquisición Fuente de adquisición Total de préstamos Signatura topográfica completa Código de barras Visto por última vez Precio de reemplazo Tipo de ítem Koha
        Biblioteca del Ateneo de Madrid Biblioteca del Ateneo de Madrid Depósito 2 17/01/2008     G-3519(5) 1171938 23/02/2023 23/02/2023 Libro impreso